Statistics for I Bet You Think About Me lyrics

Click here to take the quiz!

General Stats

  • This quiz has been taken 142 times
  • The average score is 356 of 424

Answer Stats

Lyrics% Correct
a
100%
be
100%
I
100%
me"
100%
me,
100%
me
100%
you
100%
You
100%
about
98%
'bout
98%
in
98%
in,
98%
think
98%
an
97%
bet
97%
your
97%
And
95%
and
95%
shoes
94%
when
94%
it
92%
she
92%
the
92%
to
92%
we
92%
you're
92%
Do
90%
no,
90%
she's
90%
we're
90%
were
90%
Yeah,
90%
yeah,
90%
I'm
89%
my
89%
so
89%
than
89%
up
89%
free
87%
Just
87%
just
87%
"Oh
87%
Oh,
87%
on
87%
say,
87%
tell
87%
was
87%
bed
85%
better
85%
friends
85%
go?"
85%
it's
85%
that
85%
they
85%
with
85%
for
84%
for,
84%
girl
84%
love
84%
farm,
82%
fine
82%
mine
82%
who
82%
grew
81%
know
81%
of
81%
at
79%
But
79%
but
79%
I'll
79%
now
79%
Now
79%
pedigree
79%
raised
79%
wasn't
79%
what
79%
all
77%
a.m.
77%
community
77%
has
77%
have
77%
let
77%
life
77%
mansion
77%
3
76%
can't
76%
don't
76%
had?
76%
Hills
76%
too
76%
upper
76%
back
74%
Beverly
74%
book
74%
'em
74%
fell
74%
gated
74%
insane,
74%
is
74%
like
74%
never
74%
out
74%
out,
74%
said
74%
still
74%
you'll
74%
around
73%
awake,
73%
circles
73%
city
73%
done
73%
early
73%
fall
73%
forget
73%
hard
73%
harder
73%
meaning
73%
silver
73%
song
73%
spoon
73%
spring
73%
"Why
73%
asleep
71%
'cause
71%
dancin'
71%
dreams,
71%
fit
71%
God,
71%
heard
71%
help
71%
jokes
71%
kitchen
71%
leave
71%
livin'
71%
over,
71%
wrote
71%
believe
69%
believe,
69%
dollar
69%
every
69%
get
69%
laughed
69%
room
69%
saved
69%
sit
69%
table
69%
talkin'
69%
that's
69%
bright
68%
did
68%
eyes
68%
happy
68%
million
68%
snow
68%
tried
68%
concerts
66%
couldn't
66%
different
66%
Fast
66%
hadn't
66%
her
66%
indie
66%
need?
66%
shiny,
66%
bills
65%
couch
65%
rolled
65%
time
65%
week
65%
lookin'
63%
not
63%
reality
63%
realized
63%
space
63%
crust
61%
house,
61%
music
61%
organic
61%
shrink
61%
yes
61%
felt
60%
make
60%
old
60%
Thinkin'
60%
world,
60%
cool
56%
Mr.
56%
shit
56%
Superior
56%
Well,
56%
Last
55%
mattered,
55%
none
55%
scared
55%
Scared
55%
block
53%
searchin'
53%
soul
53%
crept
52%
turned
52%
Does
50%
feel
50%
Glamorous,
50%
sad
50%
hip,
48%
loud,
48%
sayin'
48%
voices
47%
Chasin'
44%
status
44%

Score Distribution

Percentile by Number Answered

Percent of People with Each Score

Your Score History

You have not taken this quiz